[Event "European Individual Women's Championship"]
[Site "Gaziantep TUR"]
[Date "2012.03.09"]
[EventDate "2012.03.02"]
[Round "7"]
[Result "1-0"]
[White "Alexandra Kosteniuk"]
[Black "Kubra Ozturk"]
[WhiteElo "2448"]
[BlackElo "2314"]
[PlyCount "111"]

1. d4 d5 2. c4 dxc4 3. Nf3 c5 4. e4 cxd4 5. Qxd4 Qxd4 6. Nxd4
Bd7 7. Bxc4 Nc6 8. Nxc6 Bxc6 9. f3 e6 10. Be3 Bb4+ 11. Kf2 Nf6
12. a3 Be7 13. Nd2 Nd7 14. Nb3 Ne5 15. Be2 b6 16. Rac1 Ba4
17. Nd4 O-O 18. f4 Ng6 19. Rc4 b5 20. Rcc1 b4 21. axb4 e5
22. fxe5 Bxb4 23. Nf3 a5 24. Bc4 Bd7 25. Rhd1 Bg4 26. Bd5 Rac8
27. h3 Bxf3 28. gxf3 Nxe5 29. Ke2 Rb8 30. f4 Ng6 31. Kf3 Rfe8
32. Bd4 Rbc8 33. Bc4 h5 34. b3 Rcd8 35. e5 Nh4+ 36. Ke4 g6
37. Bb6 Rb8 38. Bc7 Rbc8 39. Rd7 Rf8 40. e6 Nf5 41. exf7+ Kh7
42. Rcd1 a4 43. Ba6 Ra8 44. Bb7 Ra7 45. Bb6 Rxb7 46. Rxb7 axb3
47. Ke5 b2 48. Bf2 Ba3 49. Rd3 Be7 50. Ke6 Kg7 51. Bd4+ Nxd4+
52. Rxd4 Bf6 53. Rd1 h4 54. f5 g5 55. Rg1 Bd8 56. Rb8 1-0

[Event "European Individual Women's Championship"]
[Site "Gaziantep TUR"]
[Date "2012.03.10"]
[EventDate "2012.03.02"]
[Round "8"]
[Result "1-0"]
[White "Kubra Ozturk"]
[Black "Monika Tsiganova"]
[WhiteElo "2314"]
[BlackElo "2185"]
[PlyCount "115"]

1. d4 d5 2. c4 c6 3. Nf3 Nf6 4. e3 a6 5. a4 a5 6. Nc3 g6
7. Be2 Bg7 8. O-O O-O 9. b3 Ne4 10. Bb2 Bf5 11. Nd2 Nxc3
12. Bxc3 Nd7 13. cxd5 cxd5 14. g4 Be6 15. f4 f5 16. g5 Nc5
17. b4 axb4 18. Bxb4 Na6 19. Ba3 Bd7 20. Qb3 Bc6 21. Bb5 Qd7
22. Rfc1 Rfc8 23. Qd3 Rc7 24. Nb3 Bxb5 25. axb5 Rxc1+ 26. Bxc1
Nc7 27. Nc5 Qc8 28. Rxa8 Nxa8 29. Bd2 Nb6 30. Kf2 Nc4 31. Ke2
b6 32. Na6 h6 33. Nb4 Qd7 34. gxh6 Bxh6 35. Nc6 g5 36. Qxf5
Qxf5 37. Nxe7+ Kh7 38. Nxf5 gxf4 39. exf4 Bf8 40. Ne3 Na3
41. Nxd5 Nxb5 42. Kd3 Kg6 43. Nxb6 Kf5 44. Nc4 Bg7 45. d5 Nc7
46. Nd6+ Kg4 47. Ke4 Kh3 48. f5 Kxh2 49. Bf4+ Kh3 50. Be5 Bf8
51. Nb7 Na6 52. f6 Kg4 53. f7 Kg5 54. Bd6 Bxd6 55. Nxd6 Nc5+
56. Kd4 Nd7 57. Ne4+ Kg6 58. Nc5 1-0

[Event "European Individual Women's Championship"]
[Site "Gaziantep TUR"]
[Date "2012.03.11"]
[EventDate "2012.03.02"]
[Round "9"]
[Result "1-0"]
[White "Nadezhda Kharmunova"]
[Black "Kubra Ozturk"]
[WhiteElo "2191"]
[BlackElo "2314"]
[PlyCount "81"]

1. e4 e5 2. Nf3 Nc6 3. Nc3 Nf6 4. g3 Bc5 5. Bg2 d6 6. d3 a6
7. h3 h6 8. O-O Be6 9. Nh4 Qd7 10. Kh2 g5 11. Qf3 Ng8 12. Nf5
Nd4 13. Ng7+ Kf8 14. Nxe6+ Qxe6 15. Qd1 c6 16. Be3 b5 17. Ne2
Ne7 18. c3 Nxe2 19. Qxe2 Bxe3 20. Qxe3 Kg7 21. f4 f6 22. d4
exf4 23. gxf4 Nf5 24. Qf2 Nh4 25. Bh1 Rhg8 26. Rae1 Raf8
27. d5 Qf7 28. dxc6 Kh8 29. fxg5 hxg5 30. e5 dxe5 31. Rd1 Qh5
32. Rg1 g4 33. Rg3 f5 34. Qe2 e4 35. Rd7 Qh6 36. Qd1 Rf6
37. c7 Rc6 38. Qd4+ Rg7 39. Rxg7 Qxg7 40. Qd8+ Kh7 41. Qxh4+
1-0

[Event "European Individual Women's Championship"]
[Site "Gaziantep TUR"]
[Date "2012.03.12"]
[EventDate "2012.03.02"]
[Round "10"]
[Result "1/2-1/2"]
[White "Kubra Ozturk"]
[Black "Monika Seps"]
[WhiteElo "2314"]
[BlackElo "2208"]
[PlyCount "165"]

1. d4 Nf6 2. Nf3 d6 3. g3 g6 4. Bg2 Bg7 5. O-O O-O 6. c4 c6
7. Nc3 Qa5 8. e4 e5 9. d5 cxd5 10. cxd5 b5 11. Nd2 b4 12. Ne2
Qc7 13. a3 Na6 14. b3 Bd7 15. Bb2 Rfc8 16. Rc1 Qd8 17. Nc4 Bb5
18. axb4 Nxb4 19. Qd2 Na6 20. Na3 Rab8 21. Rxc8 Qxc8 22. Rc1
Qb7 23. Nxb5 Qxb5 24. Ba3 Bf8 25. Rc6 Rb6 26. Rc3 Qa5 27. Qc1
Nd7 28. Rc8 Kg7 29. Bb2 Rxb3 30. Bh3 Nf6 31. Bc3 Qb5 32. Bd2
Rb1 33. Bh6+ Kh8 34. Rxf8+ Ng8 35. Bf1 Rxc1 36. Nxc1 Qb7
37. Nd3 Nb4 38. Ne1 f6 39. Bh3 Nxd5 40. exd5 Qxd5 41. Re8 f5
42. Bf1 g5 43. Nc2 Qc6 44. Rd8 Qxc2 45. Bxg5 h6 46. Be3 Qc7
47. Ra8 a5 48. Bg2 Qf7 49. Rxa5 Ne7 50. Bxh6 Qh5 51. Bf8 Ng6
52. Ra8 Qd1+ 53. Bf1 Kh7 54. Ra7+ Kg8 55. Bh6 Kh8 56. Bg5 e4
57. Bf6+ Kg8 58. Rg7+ Kf8 59. Rxg6 Kf7 60. Rh6 Qc1 61. Bg5
Qxg5 62. Rxd6 e3 63. Bc4+ Kf8 64. Be2 f4 65. Rd3 Kg7 66. fxe3
fxe3 67. Rd7+ Kf6 68. Rd4 Qc5 69. Rc4 Qa3 70. Kg2 Qa8+ 71. Kh3
Qa2 72. Rf4+ Kg7 73. Bf3 Qe6+ 74. Bg4 Qe5 75. Be2 Qb2 76. Rg4+
Kf6 77. Rf4+ Ke5 78. Bf3 Qc2 79. Rf8 Qg6 80. Kg2 Qc2+ 81. Kh3
Qg6 82. Kg2 Qc2+ 83. Kh3 1/2-1/2

[Event "European Individual Women's Championship"]
[Site "Gaziantep TUR"]
[Date "2012.03.13"]
[EventDate "2012.03.02"]
[Round "11"]
[Result "1-0"]
[White "Kubra Ozturk"]
[Black "Karolina Olsarova"]
[WhiteElo "2314"]
[BlackElo "2189"]
[PlyCount "71"]

1. d4 d5 2. c4 c6 3. Nc3 Nf6 4. e3 e6 5. Nf3 Nbd7 6. Ne5 Nxe5
7. dxe5 Nd7 8. f4 a6 9. cxd5 exd5 10. a4 Nc5 11. b4 Ne6
12. Rb1 a5 13. bxa5 Qxa5 14. Bd2 Bb4 15. Rxb4 Qxb4 16. f5 Qe7
17. fxe6 Qxe6 18. Bd3 Qxe5 19. O-O O-O 20. Qc2 h6 21. Ne2 Bd7
22. a5 Qe7 23. Nf4 Rfe8 24. Rf3 Qd6 25. Rg3 c5 26. Nh5 g5
27. Rf3 Red8 28. Rf6 Qf8 29. Bc3 d4 30. Bh7+ Kh8 31. exd4 Ba4
32. d5 Bxc2 33. Rxf7+ Qg7 34. Rxg7 Rxd5 35. Rxb7+ Rd4 36. Bxc2
1-0

[Event "Turkish Bank Chess League"]
[Site "Konya TUR"]
[Date "2012.07.14"]
[EventDate "2012.07.11"]
[Round "4"]
[Result "1-0"]
[White "Anastasia Savina"]
[Black "Kubra Ozturk"]
[WhiteElo "2304"]
[BlackElo "2296"]
[PlyCount "67"]

1. d4 d5 2. c4 dxc4 3. e4 e5 4. Nf3 Bb4+ 5. Nc3 exd4 6. Nxd4
Ne7 7. a3 Nbc6 8. Be3 Bxc3+ 9. bxc3 Ne5 10. f4 Ng4 11. Bd2 c5
12. Nf3 O-O 13. Bxc4 Qc7 14. O-O Qc6 15. Qe2 Nf6 16. Rae1 Bg4
17. f5 a6 18. h3 Bxf3 19. Rxf3 b5 20. Ba2 c4 21. e5 Nd7
22. Bb1 Rae8 23. Rg3 Nd5 24. Qg4 g6 25. e6 N7f6 26. Qd4 fxe6
27. fxg6 h5 28. Bh6 e5 29. Qh4 Qc5+ 30. Kh2 Qf2 31. Rd1 Nf4
32. Bxf8 Rxf8 33. g7 Ng4+ 34. hxg4 1-0

[Event "Turkish Bank Chess League"]
[Site "Konya TUR"]
[Date "2012.07.18"]
[EventDate "2012.07.11"]
[Round "9"]
[Result "1/2-1/2"]
[White "Kubra Ozturk"]
[Black "Nazi Paikidze"]
[WhiteElo "2296"]
[BlackElo "2381"]
[PlyCount "21"]

1. Nf3 d5 2. d4 Nf6 3. c4 e6 4. e3 dxc4 5. Bxc4 a6 6. a4 c5
7. O-O Nc6 8. Nc3 Be7 9. dxc5 Qxd1 10. Rxd1 Bxc5 11. Bd2
1/2-1/2

[Event "Chess Olympiad (Women)"]
[Site "Istanbul TUR"]
[Date "2012.08.29"]
[EventDate "2012.08.28"]
[Round "2.31"]
[Result "1/2-1/2"]
[White "Kubra Ozturk"]
[Black "Catarina Leite"]
[WhiteElo "2294"]
[BlackElo "2178"]
[PlyCount "82"]

1. d4 d5 2. c4 e6 3. Nf3 Nf6 4. Nc3 c6 5. e3 Bd6 6. Bd3 Nbd7
7. e4 dxe4 8. Nxe4 Nxe4 9. Bxe4 e5 10. O-O exd4 11. Qxd4 Nf6
12. Bc2 Be6 13. Bg5 Be7 14. Qc3 Qc7 15. Rad1 O-O 16. Bh4 Rad8
17. Rde1 Qb6 18. a3 h6 19. b4 Rfe8 20. Bb1 a5 21. c5 axb4
22. axb4 Qa6 23. Rxe6 fxe6 24. Qc2 Qa3 25. Ne5 Qa1 26. Re1 Qd4
27. Nf3 Qxb4 28. Qg6 Qg4 29. Qc2 Qb4 30. Qg6 Qxc5 31. g4 Qb4
32. h3 Qc3 33. Kg2 Bc5 34. Ne5 Qxe1 35. Qf7+ Kh8 36. Ng6+ Kh7
37. Nf8+ Kh8 38. Ng6+ Kh7 39. Nf8+ Kh8 40. Ng6+ Kh7 41. Nf8+
Kh8 1/2-1/2

[Event "Chess Olympiad (Women)"]
[Site "Istanbul TUR"]
[Date "2012.08.30"]
[EventDate "2012.08.28"]
[Round "3.13"]
[Result "1-0"]
[White "Carolina Lujan"]
[Black "Kubra Ozturk"]
[WhiteElo "2368"]
[BlackElo "2294"]
[PlyCount "83"]

1. e4 e5 2. Nf3 Nc6 3. Bc4 Nf6 4. d3 Be7 5. O-O O-O 6. Re1 d6
7. c3 Na5 8. Bb5 a6 9. Ba4 b5 10. Bc2 c5 11. Nbd2 Nc6 12. Nf1
Qc7 13. Ng3 h6 14. h3 Be6 15. Nh4 d5 16. exd5 Nxd5 17. Nhf5
Nf4 18. Qg4 Ng6 19. Qh5 Bxf5 20. Nxf5 Bf6 21. Bb3 Nce7 22. Re4
Nf4 23. Nxe7+ Bxe7 24. Qxe5 Bd6 25. Qf5 Nxd3 26. Bxh6 c4
27. Bxg7 Qc5 28. Qxc5 Bxc5 29. Bxf8 Kxf8 30. Bc2 Nxf2 31. Rh4
Kg7 32. Kf1 Rd8 33. Re1 Nh1 34. Rg4+ Kh6 35. Rh4+ Kg5 36. Rg4+
Kh6 37. Re5 Ba7 38. Ke2 Bg1 39. Rh4+ Kg7 40. Rh7+ Kf6 41. Rf5+
Ke6 42. Rh6+ 1-0

[Event "Chess Olympiad (Women)"]
[Site "Istanbul TUR"]
[Date "2012.08.31"]
[EventDate "2012.08.28"]
[Round "4.13"]
[Result "0-1"]
[White "Kubra Ozturk"]
[Black "Martha Lorena Fierro Baquero"]
[WhiteElo "2294"]
[BlackElo "2384"]
[PlyCount "306"]

1. d4 g6 2. c4 Bg7 3. e4 d6 4. Nc3 Nf6 5. Be2 O-O 6. Bg5 c5
7. d5 a6 8. Qd2 Qa5 9. f3 e6 10. Nd1 Qxd2+ 11. Kxd2 b5 12. Ne3
exd5 13. cxd5 Nbd7 14. a4 Rb8 15. axb5 axb5 16. Bd3 c4 17. Bc2
Nc5 18. Ne2 Rb6 19. Ra5 Nfd7 20. Rb1 Ba6 21. b4 cxb3 22. Bxb3
Nxb3+ 23. Rxb3 b4 24. Rxb4 Rxb4 25. Rxa6 Rb2+ 26. Kd1 Rb1+
27. Kc2 Rfb8 28. Nc4 Ne5 29. Nxe5 Bxe5 30. Bc1 R1b6 31. Rxb6
Rxb6 32. h3 Rb5 33. Ba3 Rb6 34. Nc1 f5 35. Nd3 Kf7 36. Nxe5+
dxe5 37. Bc5 Rb5 38. Bd6 fxe4 39. fxe4 Kf6 40. h4 h5 41. Kd3
Rb2 42. Bc7 Rxg2 43. Bd8+ Kf7 44. Ke3 Rc2 45. Kd3 Rc8 46. Bg5
Ra8 47. Ke3 Ra3+ 48. Kf2 Ra6 49. Bd8 Ra7 50. Ke3 Rd7 51. Bg5
Rd6 52. Kd3 Ke8 53. Bd2 Kf7 54. Kc4 Ra6 55. Kd3 Ra3+ 56. Ke2
Ra4 57. Kf3 Ke7 58. Bh6 Ra8 59. Bg7 Kd6 60. Ke3 Ra3+ 61. Kf2
Ra8 62. Ke3 Rc8 63. Kd3 Rb8 64. Bf6 Rf8 65. Bg5 Rf7 66. Bc1
Ra7 67. Bh6 Ke7 68. Bd2 Ra4 69. Bh6 Ra8 70. Bd2 Kd7 71. Bc3
Re8 72. Ke3 Kc7 73. Ba5+ Kb7 74. Kd3 Ka6 75. Bc7 Kb5 76. Bd6
Kb6 77. Ke3 Kb7 78. Bb4 Kc7 79. Ba5+ Kd7 80. Bc3 Re7 81. Bb2
Re8 82. Bc3 Kc7 83. Ba5+ Kb7 84. Kd3 Rg8 85. Bd2 Kc7 86. Bc3
Kd6 87. Bb4+ Kd7 88. Bd2 Ra8 89. Bc3 Ra3 90. Kd2 Ra4 91. Kd3
Kd6 92. Bb2 Ra2 93. Bc1 Kc5 94. Be3+ Kb5 95. Bg5 Ra3+ 96. Ke2
Kc4 97. Be3 Ra2+ 98. Kf3 Rb2 99. Bf2 Rb7 100. Ke3 Rb8 101. Ke2
Kc3 102. Be3 Rb2+ 103. Kf3 Kd3 104. Bg5 Rb4 105. d6 Rd4
106. Be7 Kc4 107. Ke3 Kb5 108. Bf6 Rxd6 109. Bxe5 Ra6 110. Kf4
Re6 111. Bg7 Kc6 112. Bd4 Kd7 113. Bc3 Ke7 114. Bd2 Rb6
115. Be3 Rb5 116. Bd4 Ke6 117. Bg7 Rb1 118. Bd4 Rd1 119. Bc3
Rg1 120. Kf3 Rh1 121. Kg3 Rd1 122. Kf4 Rf1+ 123. Kg3 Kd6
124. Bd4 Rd1 125. Bg7 Rg1+ 126. Kf3 Rg4 127. Bf6 Ke6 128. e5
Kf5 129. Ke3 Ra4 130. Kf3 Ra3+ 131. Ke2 Kf4 132. Kd2 Ra6
133. Kd3 Ra8 134. Kd4 Kf5 135. Ke3 Ra5 136. Kf3 Rb5 137. Bg7
g5 138. hxg5 Rb3+ 139. Kf2 Kxg5 140. e6 Kg6 141. e7 Kf7
142. Bf6 Rb6 143. Bh4 Rg6 144. Kf3 Rg4 145. Bf6 Rg8 146. Bh4
Rg6 147. Ke3 Rg4 148. Bf6 Rg1 149. Bh4 Rf1 150. Ke4 Rh1
151. Bg5 h4 152. Kf3 h3 153. Bh4 Rg1 0-1

[Event "Chess Olympiad (Women)"]
[Site "Istanbul TUR"]
[Date "2012.09.03"]
[EventDate "2012.08.28"]
[Round "6.16"]
[Result "0-1"]
[White "Julia Novkovic"]
[Black "Kubra Ozturk"]
[WhiteElo "2066"]
[BlackElo "2294"]
[PlyCount "56"]

1. e4 e5 2. Nf3 Nc6 3. Nc3 Nf6 4. d4 exd4 5. Nxd4 Bb4 6. Nxc6
bxc6 7. Bd3 d6 8. Bg5 h6 9. Bh4 Be6 10. O-O g5 11. Bg3 h5
12. e5 h4 13. exf6 hxg3 14. Ne4 gxh2+ 15. Kh1 d5 16. c3 dxe4
17. Bxe4 Bd6 18. Bxc6+ Kf8 19. f4 gxf4 20. Qd4 Rb8 21. Rad1
Rb6 22. Ba4 Qa8 23. Rxf4 Rxb2 24. Rf2 Rxf2 25. Qxf2 Rg8
26. Bb5 Rg6 27. c4 Bh3 28. Rxd6 cxd6 0-1

[Event "Chess Olympiad (Women)"]
[Site "Istanbul TUR"]
[Date "2012.09.04"]
[EventDate "2012.08.28"]
[Round "7.15"]
[Result "1/2-1/2"]
[White "Barbara Hund"]
[Black "Kubra Ozturk"]
[WhiteElo "2211"]
[BlackElo "2294"]
[PlyCount "84"]

1. e4 e5 2. Bc4 Nf6 3. d3 c6 4. Nf3 Be7 5. O-O d6 6. Nbd2 O-O
7. Bb3 Nbd7 8. c3 Nc5 9. Bc2 Bg4 10. h3 Bh5 11. Re1 Qc7
12. Nf1 Rfe8 13. Ng3 Bxf3 14. Qxf3 Ne6 15. Nf5 Bf8 16. Bb3 Kh8
17. Be3 a5 18. a3 b5 19. h4 Qd7 20. h5 Ng8 21. d4 Rad8 22. d5
cxd5 23. Bxd5 g6 24. Ng3 Rb8 25. Red1 Qe7 26. b4 a4 27. c4
bxc4 28. Bxc4 Rec8 29. Rac1 Bh6 30. hxg6 hxg6 31. Bxe6 Qxe6
32. Bxh6 Nxh6 33. Qd3 Kg7 34. Ne2 f6 35. Rxc8 Rxc8 36. f3 Nf7
37. Nc3 Qb3 38. Nd5 Qa2 39. Ne3 Qb2 40. Nc4 Qa2 41. Ne3 Qb2
42. Nc4 Qa2 1/2-1/2

[Event "Chess Olympiad (Women)"]
[Site "Istanbul TUR"]
[Date "2012.09.05"]
[EventDate "2012.08.28"]
[Round "8.18"]
[Result "1/2-1/2"]
[White "Kubra Ozturk"]
[Black "Lisandra Teresa Ordaz Valdes"]
[WhiteElo "2294"]
[BlackElo "2344"]
[PlyCount "89"]

1. d4 Nf6 2. c4 e6 3. Nf3 b6 4. g3 Ba6 5. b3 Bb7 6. Bg2 Bb4+
7. Bd2 a5 8. O-O O-O 9. a3 Bxd2 10. Qxd2 d6 11. Nc3 Nbd7
12. Qc2 c5 13. e4 e5 14. dxe5 dxe5 15. Rad1 Qe7 16. Nh4 g6
17. Qd2 Rfd8 18. Qg5 Nd5 19. Qxe7 Nxe7 20. f4 Nc6 21. Rd6 Nd4
22. Bh3 Nf8 23. fxe5 Nxb3 24. Rxb6 Ba6 25. Nb5 Rdb8 26. Rxb8
Rxb8 27. Nd6 Nd2 28. Rd1 Nxc4 29. e6 Nxe6 30. Bxe6 fxe6
31. Nxc4 Bxc4 32. Rc1 Bd3 33. Rxc5 Bxe4 34. Rxa5 Bd5 35. Rc5
Rb1+ 36. Kf2 Rb2+ 37. Ke3 g5 38. Nf5 Kf7 39. Rc7+ Kf6 40. Nh6
Kg6 41. Ng4 Rb3+ 42. Kd4 Rxa3 43. Ne5+ Kh6 44. Ng4+ Kg6
45. Ne5+ 1/2-1/2

[Event "Chess Olympiad (Women)"]
[Site "Istanbul TUR"]
[Date "2012.09.06"]
[EventDate "2012.08.28"]
[Round "9.21"]
[Result "0-1"]
[White "Monika Tsiganova"]
[Black "Kubra Ozturk"]
[WhiteElo "2164"]
[BlackElo "2294"]
[PlyCount "62"]

1. e4 e5 2. Nf3 Nc6 3. Bc4 Nf6 4. d3 Be7 5. O-O O-O 6. Re1 d6
7. a4 Na5 8. Ba2 c5 9. Na3 Nc6 10. c3 Be6 11. Bxe6 fxe6
12. Qb3 Qd7 13. Nc4 Rae8 14. Bg5 Kh8 15. Rad1 Nh5 16. Be3 Rxf3
17. gxf3 d5 18. Na3 d4 19. Bc1 Rf8 20. Kg2 Bh4 21. Rd2 Qf7
22. Qd1 Nf4+ 23. Kh1 Qh5 24. Nc2 Nh3 25. Kg2 Nxf2 26. Rxf2
Bxf2 27. f4 Qh4 28. Rf1 Be3 29. fxe5 Rf2+ 30. Rxf2 Qxf2+
31. Kh1 Nxe5 0-1

[Event "Chess Olympiad (Women)"]
[Site "Istanbul TUR"]
[Date "2012.09.09"]
[EventDate "2012.08.28"]
[Round "11.18"]
[Result "1/2-1/2"]
[White "Zuzana Borosova"]
[Black "Kubra Ozturk"]
[WhiteElo "2280"]
[BlackElo "2294"]
[PlyCount "142"]

1. e4 e5 2. Nf3 Nc6 3. Bc4 Nf6 4. d3 Be7 5. O-O O-O 6. Re1 d6
7. c3 Na5 8. Bb5 a6 9. Ba4 b5 10. Bc2 c5 11. Nbd2 Re8 12. a4
Rb8 13. axb5 axb5 14. h3 Nc6 15. Bb3 h6 16. Nf1 Bf8 17. Ne3
Be6 18. Nd5 Bxd5 19. exd5 Na5 20. Ba2 b4 21. Nd2 g6 22. Nc4
Ra8 23. Bd2 Nxc4 24. Bxc4 bxc3 25. bxc3 Bg7 26. Rxa8 Qxa8
27. Qf3 Nh7 28. Qg3 Qa4 29. Qf3 f5 30. Qd1 Qd7 31. Qb1 Rf8
32. Qb5 Qd8 33. Ra1 f4 34. f3 Ng5 35. Be1 Qb8 36. Ra6 Nf7
37. Bf2 e4 38. dxe4 Bxc3 39. Rb6 Qd8 40. Qb3 Bb4 41. Ra6 Ne5
42. Be2 Qb8 43. Qa4 Bc3 44. Bb5 g5 45. Bd7 Qb1+ 46. Kh2 Qb2
47. Be6+ Kh8 48. Ra8 Nxf3+ 49. gxf3 Qxf2+ 50. Kh1 Qxf3+
51. Kh2 Qf2+ 52. Kh1 Qe1+ 53. Kh2 Qd2+ 54. Kh1 Qc1+ 55. Kh2
Qb2+ 56. Kh1 Bg7 57. Rxf8+ Bxf8 58. Qe8 Qf6 59. Kg2 Qe7
60. Qg6 Bg7 61. Bf5 Kg8 62. e5 dxe5 63. d6 Qb7+ 64. Kh2 Qb2+
65. Kh1 Qc1+ 66. Kh2 Qd2+ 67. Kg1 Qe1+ 68. Kh2 Qf2+ 69. Kh1
Qe1+ 70. Kh2 Qd2+ 71. Kg1 Qe1+ 1/2-1/2

[Event "Women Grand Prix Ankara"]
[Site "Ankara TUR"]
[Date "2012.09.16"]
[EventDate "2012.09.16"]
[Round "1"]
[Result "0-1"]
[White "Kubra Ozturk"]
[Black "Ruan Lufei"]
[WhiteElo "2294"]
[BlackElo "2492"]
[PlyCount "120"]

1. d4 d5 2. c4 c6 3. Nc3 Nf6 4. e3 e6 5. Nf3 Nbd7 6. Qc2 Bd6
7. Bd3 dxc4 8. Bxc4 b5 9. Be2 Bb7 10. O-O O-O 11. Rd1 Qc7
12. e4 e5 13. dxe5 Nxe5 14. Nd4 Bc5 15. Bf4 Rfe8 16. Bg3 Qb6
17. Nf3 Nfg4 18. Bf1 a6 19. Nxe5 Nxe5 20. Rac1 Bf8 21. h3 Rac8
22. Kh2 c5 23. f4 Nc6 24. Nd5 Qd8 25. Qf2 Nd4 26. b4 Rxe4
27. Nc3 Re7 28. Bh4 f6 29. Ne2 Rd7 30. Nxd4 Rxd4 31. Be2 Qe7
32. Bg4 Rcd8 33. bxc5 Rxd1 34. Bxd1 Rc8 35. Bb3+ Kh8 36. Qd2
Qe4 37. Bc2 Qd5 38. Qe2 Re8 39. Qf1 Bxc5 40. Bb3 Qd6 41. Rd1
Qc7 42. Bg3 Be4 43. f5 Qb6 44. Be6 Rd8 45. Qe2 Rxd1 46. Qxd1
Bd4 47. Qh5 g6 48. Qh6 Qc5 49. Qf4 Bg1+ 50. Kh1 Be3 51. Qb8+
Kg7 52. Kh2 Qc2 53. Qc7+ Qxc7 54. Bxc7 Bxf5 55. Bd5 Bd3
56. Kg3 Bc4 57. Bb7 b4 58. Kf3 Bc5 59. Ke4 Bxa2 60. Bxa6 Kf7
0-1

[Event "Women Grand Prix Ankara"]
[Site "Ankara TUR"]
[Date "2012.09.17"]
[EventDate "2012.09.16"]
[Round "2"]
[Result "1-0"]
[White "Ju Wenjun"]
[Black "Kubra Ozturk"]
[WhiteElo "2528"]
[BlackElo "2294"]
[PlyCount "79"]

1. d4 Nf6 2. Nf3 e6 3. g3 b6 4. Bg2 Bb7 5. O-O Be7 6. c4 O-O
7. b3 d6 8. Bb2 Nbd7 9. e3 Ne4 10. Ne1 f5 11. Nd3 Bf6 12. Re1
Qe8 13. Nd2 e5 14. Nb4 c5 15. Nxe4 Bxe4 16. Nd5 Bxg2 17. Kxg2
Rd8 18. dxc5 Nxc5 19. Qe2 Rd7 20. Rad1 Bg5 21. Ba3 Ne4 22. f3
Nf6 23. Nxf6+ Rxf6 24. f4 Bh6 25. Qd3 e4 26. Qd5+ Qf7 27. Qa8+
Qf8 28. Qc6 Qe7 29. Rd2 g6 30. Red1 Bf8 31. Bb2 Re6 32. Qd5
Qf7 33. a4 h6 34. Qb5 Rc7 35. Ba3 Qf6 36. Rd4 Qf7 37. Bxd6
Bxd6 38. Rxd6 Rc5 39. Rd8+ Kg7 40. Qd7 1-0

[Event "Women Grand Prix Ankara"]
[Site "Ankara TUR"]
[Date "2012.09.19"]
[EventDate "2012.09.16"]
[Round "4"]
[Result "1-0"]
[White "Anna Muzychuk"]
[Black "Kubra Ozturk"]
[WhiteElo "2606"]
[BlackElo "2294"]
[PlyCount "133"]

1. e4 e5 2. Nf3 Nc6 3. d4 exd4 4. Nxd4 Bc5 5. Nb3 Bb4+ 6. c3
Be7 7. f4 d6 8. Bd3 Nf6 9. N1d2 O-O 10. Qc2 a5 11. O-O Nd7
12. a4 g6 13. Nf3 Bf6 14. Be3 b6 15. Rad1 Qe7 16. Rfe1 Bg7
17. Bf2 Bb7 18. Bc4 Rae8 19. Qd3 Nc5 20. Nxc5 dxc5 21. e5 Rd8
22. Qe2 Qe8 23. Ng5 Rxd1 24. Qxd1 Ne7 25. Ne4 Nf5 26. Qc2 h5
27. Qb3 Qa8 28. Qc2 Rd8 29. Ng5 Bd5 30. Bd3 Ne7 31. Bh4 c4
32. Be4 Qc6 33. Nf3 Bf8 34. Nd4 Qd7 35. Bxe7 Qxe7 36. Bxd5
Rxd5 37. Qe4 Rd8 38. f5 Qg5 39. e6 Bc5 40. Rf1 fxe6 41. Qxe6+
Kg7 42. Qxc4 gxf5 43. Kh1 Bxd4 44. Qxc7+ Kh8 45. cxd4 Rxd4
46. Qxb6 Rxa4 47. Rd1 Re4 48. Qxa5 Re7 49. h3 Rg7 50. Qa8+ Rg8
51. Qf3 h4 52. b4 Re8 53. b5 Re3 54. Qa8+ Kh7 55. Qb7+ Re7
56. Qf3 Qf6 57. Qc6 Qe5 58. b6 Qg3 59. Rf1 Re2 60. b7 Rb2
61. Rd1 Rd2 62. Rc1 Rb2 63. Qd7+ Kg6 64. Rc6+ Kg5 65. Qg7+ Kf4
66. Rc4+ Ke3 67. Qd4+ 1-0

[Event "Women Grand Prix Ankara"]
[Site "Ankara TUR"]
[Date "2012.09.21"]
[EventDate "2012.09.16"]
[Round "5"]
[Result "1/2-1/2"]
[White "Kubra Ozturk"]
[Black "Tatiana Kosintseva"]
[WhiteElo "2294"]
[BlackElo "2524"]
[PlyCount "141"]

1. d4 Nf6 2. c4 g6 3. Nf3 Bg7 4. g3 d5 5. Bg2 dxc4 6. Ne5 O-O
7. O-O c5 8. dxc5 Qc7 9. Nxc4 Qxc5 10. Nba3 Nc6 11. e4 Bg4
12. Be3 Bxd1 13. Bxc5 Be2 14. Rfe1 Bxc4 15. Nxc4 Nd7 16. Ba3
b5 17. e5 Rac8 18. Bxc6 Rxc6 19. Rad1 Rc7 20. Na5 Nxe5 21. Re2
Rfc8 22. Rd5 Nf3+ 23. Kg2 e6 24. Rd6 Nd4 25. Rd2 e5 26. Nb3
Ne6 27. R6d5 a6 28. Bb4 e4 29. a3 Rc2 30. Rd6 R2c6 31. Rd7 h5
32. Ra7 h4 33. Rdd7 Rc2 34. Nd2 hxg3 35. hxg3 R8c7 36. Nxe4
Rxd7 37. Rxd7 Bxb2 38. Ra7 Rc6 39. Nd6 Nc7 40. Nc8 Bf6 41. Ba5
Nd5 42. Ra8 Kg7 43. Kf3 Bb2 44. Ke4 Nf6+ 45. Kd3 Bxa3 46. Bc3
Kh6 47. Bd4 Nd5 48. f4 Nc7 49. Rb8 Ne6 50. Be5 Nc5+ 51. Kd4
Nd7 52. Ra8 Rc4+ 53. Kd3 Nxe5+ 54. fxe5 Rc6 55. Ke4 Kg5
56. Nd6 Bxd6 57. Kd5 Rc5+ 58. Kxd6 Rc3 59. Rxa6 Rd3+ 60. Ke7
Re3 61. Kxf7 Rxe5 62. Rxg6+ Kf5 63. Rf6+ Kg4 64. Rf4+ Kxg3
65. Rb4 Kf3 66. Kf6 Rc5 67. Ke6 Ke3 68. Kd6 Rh5 69. Kc6 Kd3
70. Rxb5 Rxb5 71. Kxb5 1/2-1/2

[Event "Women Grand Prix Ankara"]
[Site "Ankara TUR"]
[Date "2012.09.22"]
[EventDate "2012.09.16"]
[Round "6"]
[Result "0-1"]
[White "Kubra Ozturk"]
[Black "Monika (Bobrowska) Socko"]
[WhiteElo "2294"]
[BlackElo "2463"]
[PlyCount "92"]

1. d4 Nf6 2. Nf3 e6 3. c4 b6 4. g3 Bb7 5. Bg2 c5 6. d5 exd5
7. Nh4 g6 8. O-O Bg7 9. cxd5 d6 10. Nc3 O-O 11. e4 Re8 12. Re1
a6 13. a4 Nbd7 14. Bf4 Ne5 15. Nf3 Nfd7 16. Bf1 Nxf3+ 17. Qxf3
Ne5 18. Qd1 Bc8 19. h3 g5 20. Bxe5 Bxe5 21. Kg2 Qf6 22. Qh5
Ra7 23. Bd3 Rae7 24. Nd1 Qg7 25. Ne3 Bxb2 26. Rab1 Bd4
27. Rxb6 c4 28. Nxc4 Bxb6 29. Nxb6 g4 30. Nxc8 Rxc8 31. Bxa6
gxh3+ 32. Qxh3 Rc2 33. Bd3 Rc3 34. Bb5 Qg5 35. Re2 Kg7 36. Qh1
Qf6 37. Qd1 Qf3+ 38. Kg1 Rxe4 39. Rd2 Qf6 40. Kg2 Qe5 41. Bc6
h5 42. Rd3 Re1 43. Qf3 Rcc1 44. Rb3 Rg1+ 45. Kh2 Qe1 46. Qe3
Rg2+ 0-1

[Event "Women Grand Prix Ankara"]
[Site "Ankara TUR"]
[Date "2012.09.24"]
[EventDate "2012.09.16"]
[Round "8"]
[Result "1/2-1/2"]
[White "Kubra Ozturk"]
[Black "Zhao Xue"]
[WhiteElo "2294"]
[BlackElo "2549"]
[PlyCount "136"]

1. d4 Nf6 2. c4 e6 3. Nf3 b6 4. g3 Bb4+ 5. Bd2 c5 6. Bg2 Bb7
7. O-O O-O 8. Bc3 Na6 9. d5 exd5 10. Nh4 Nc7 11. a3 Bxc3
12. Nxc3 d4 13. Bxb7 Rb8 14. Bg2 dxc3 15. bxc3 Qe7 16. Qd3 g6
17. a4 Ng4 18. Nf3 Rfe8 19. h3 Nf6 20. Rfe1 Qe4 21. Qd6 Qc6
22. Qd3 Qe4 23. Qd6 Qc6 24. Qf4 Nh5 25. Qd2 Qe6 26. Ng5 Qe7
27. Ne4 Red8 28. Nd6 Ne8 29. Nxe8 Rxe8 30. Rad1 Red8 31. e4 d6
32. Re3 Qe8 33. Rd3 Qxa4 34. e5 Re8 35. exd6 Qd7 36. Qg5 Kg7
37. g4 h6 38. Qd2 Nf6 39. f4 Rbd8 40. Bf3 Qa4 41. g5 Ng8
42. d7 Re7 43. f5 hxg5 44. fxg6 f6 45. Bg4 Kxg6 46. Re3 Qxc4
47. Rxe7 Nxe7 48. Qd6 Qe4 49. Qc7 Nc6 50. Rf1 Kg7 51. Bf3 Qe3+
52. Kg2 Qd2+ 53. Rf2 Qxd7 54. Qxd7+ Rxd7 55. Bxc6 Rd3 56. Rf3
Rxf3 57. Kxf3 f5 58. Bb5 Kf6 59. Ba6 Ke5 60. Ke3 Ke6 61. Kd3
Ke5 62. Ke3 Kf6 63. Kd3 Ke5 64. Ke3 Kd5 65. Kd3 Ke5 66. Ke3
Kf6 67. Kf3 Ke5 68. Ke3 Kf6 1/2-1/2

[Event "Women Grand Prix Ankara"]
[Site "Ankara TUR"]
[Date "2012.09.27"]
[EventDate "2012.09.16"]
[Round "10"]
[Result "0-1"]
[White "Kubra Ozturk"]
[Black "Koneru Humpy"]
[WhiteElo "2294"]
[BlackElo "2593"]
[PlyCount "86"]

1. d4 Nf6 2. c4 e6 3. Nf3 c5 4. g3 cxd4 5. Nxd4 d5 6. Bg2 e5
7. Nf3 d4 8. O-O Nc6 9. e3 Be7 10. exd4 exd4 11. Bf4 O-O
12. Ne5 Qb6 13. Qb3 Na5 14. Qb5 Be6 15. Nd2 Nh5 16. Qxb6 axb6
17. Nb3 f6 18. Nf3 Nxf4 19. gxf4 Bxc4 20. Nbxd4 Bxf1 21. Kxf1
Rfd8 22. Rc1 Rac8 23. Rb1 Rc4 24. Ne6 Rdc8 25. Nfd4 Rc1+
26. Rxc1 Rxc1+ 27. Ke2 g6 28. Kd2 Rb1 29. Kc2 Rg1 30. Bd5 Kh8
31. f5 Rf1 32. f3 g5 33. h3 Rh1 34. f4 Rh2+ 35. Kd3 Rxh3+
36. Ke4 g4 37. a3 Rh1 38. b4 Re1+ 39. Kd3 Nc6 40. Bxc6 bxc6
41. Kd2 Ra1 42. Nxc6 g3 43. Ke2 g2 0-1